000 00291nam a2200133Ia 4500
008 191201s2007 xx 000 0 und d
100 _aLipschutz, Seymour
245 0 _aData Structures
250 _a-
260 _c2007
_bTMH
_aN.Delhi
300 _a9.27
650 _aCSE
942 _2ddc
_cBB
999 _c7202
_d7202